000 01204nam0a22002891 4500
001 rc\2156691
005 20110826164947.5
035 _a(NLR Aleph) 006546678
090 _a6695206
_c6695206
100 _a20110826d1978 |||y0rusy50 ca
101 0 _arus
102 _aRU
105 _ay z |||||
200 1 _aСоциалистическое соревнование в производственных коллективах
_e(Теория и опыт)
_eСб. науч. тр.
_fНИИ труда, Всесоюз. науч.-метод. центр по орг. труда и упр. пр-вом
_g[Редкол.: А.С. Довба (пред.) и др.]
210 _aМосква
_cНИИ труда
_d1978
215 _a127 с.
_d21
606 _aСоциалистическое соревнование
_jСборники
_2psbo
686 _aУ9(2)300-643я43
_2rubbk
702 1 _aДовба
_bА. С.
_gАнтон Сергеевич
_4340
712 0 2 _aНИИ труда
_cМосква
_3RU\NLR\AUTH\889965033
801 0 _aRU
_bNLR
_gpsbo
801 1 _aRU
_bELAR
_2rusmarc
852 _aNLR
_j79-5/2306
899 _aRuMoRGB
_jБ 79-4/397
899 _aRuMoRGB
_jБ 79-4/398
942 _cBOOK
980 _aNB